| 000 | 00794nam a22001817a 4500 | ||
|---|---|---|---|
| 003 | UA-OsUOA | ||
| 001 | 17842 | ||
| 007 | ta | ||
| 008 | 20040328b un ||||| |||| 00| 0 ukr d | ||
| 100 | _aСавонов В. | ||
| 942 | _cSA | ||
| 040 |
_aUA-OsUOA _cUA-OsUOA _dUA-OsUOA |
||
| 245 | _aАгроторговий дім гарантує сервіс: [Бесіда з головою правління с.-г. обслуговуюч. кооперативу "Агроторговий дім Костопіль" В.В. Савоновим про завдання, покладені на це формування] | ||
| 300 | _aС.2 | ||
| 955 | _a0 | ||
| 773 | 0 |
_w0 _tВічеве слово _dКостопіль _d2004 _g№11/13 берез./ |
|
| 650 | 7 |
_aКраєзнавча робота _2UDC |
|
| 999 |
_c304010 _d304010 |
||